Longman Dictionary of Contemporary English: the living dictionary

Dades bibliogràfiques
Altres autors: Bullon S. Stephen (редактор)
Idioma:anglès
Publicat: Harlow, Longman, 2005
Matèries:
Format: MixedMaterials Llibre
KOHA link:https://koha.lib.tpu.ru/cgi-bin/koha/opac-detail.pl?biblionumber=670569

MARC

LEADER 00000nam0a2200000 4500
001 670569
005 20240305104753.0
010 |a 1-405-80673-7 
090 |a 670569 
100 |a 20240206d2005 km|y0rusy50 ba 
101 0 |a eng 
102 |a GB 
105 |a a e 000yy 
181 0 |a i   |b  e  
182 0 |a n 
183 0 |a nc  |2 RDAcarrier 
200 1 |a Longman Dictionary of Contemporary English  |f Ch. ed. Stephen Bullon  |e the living dictionary 
203 |a Текст  |b визуальный  |c непосредственный 
210 |a Harlow  |c Longman  |d 2005 
215 |a 1950 p.  |c il. 
283 |a volume  |2 RDAcarrier 
606 1 |a Английский язык  |x Словари  |9 84097 
610 |a лексика 
610 |a термины 
610 |a определения 
610 |a словари 
686 |2 rubbk  |a Ш143.21-4 
702 1 |4 340  |a Bullon  |b S.  |g Stephen 
801 0 |a RU  |b 63413507  |c 20240206  
942 |c BK